000 00309nam a22001337a 4500
008 170619b xxu||||| |||| 00| 0 eng d
020 _a9780065014150
041 _aeng
080 _a94
100 _a16
101 _aSHH
245 _aCASE HISTORIES IN INTERNATIONAL POLITICS
_cSTILES,K.W
942 _2udc
_cBK
999 _c18068
_d18068